|
|
|
|
| LEADER |
01998nam a2200325 a 4500 |
| 001 |
GR-Patra15443 |
| 008 |
030603s2002 gr g 000 0 gre d |
| 020 |
|
|
|a 9602867221
|
| 040 |
|
|
|a GrPaTEI
|b gre
|c GR-PaULI
|
| 040 |
|
|
|a GrPaTEI
|b gre
|c GR-PaULI
|
| 082 |
|
0 |
|a 361.4
|2 21
|
| 100 |
1 |
|
|a Κατσορίδου-Παπαδοπούλου, Χρυσούλα
|
| 245 |
1 |
0 |
|a Κοινωνική εργασία με ομάδες /
|c Χρυσούλα Κατσορίδου-Παπαδοπούλου.
|
| 250 |
|
|
|a 2η εκδ.
|
| 260 |
|
|
|a Αθήνα :
|b εκδόσεις Έλλην,
|c c2002,
|c c2009
|
| 300 |
|
|
|a 256σ.
|
| 500 |
|
|
|a Σύστημα "ΕΥΔΟΞΟΣ": αρ. εισ. 51983, 51898, 58248
|
| 504 |
|
|
|a Βιβλιογραφία: σ.243-256
|
| 610 |
|
4 |
|a Σύστημα ΕΥΔΟΞΟΣ
|
| 650 |
|
4 |
|a ΚΟΙΝΩΝΙΚΗ ΕΡΓΑΣΙΑ
|
| 650 |
|
4 |
|a ΚΟΙΝΩΝΙΚΗ ΕΡΓΑΣΙΑ ΜΕ ΟΜΑΔΕΣ
|
| 710 |
0 |
|
|a Ελλην
|
| 942 |
|
|
|2 ddc
|
| 952 |
|
|
|0 0
|1 0
|2 ddc
|4 0
|6 361_400000000000000_ΚΑΤ
|7 0
|9 294393
|a LISK
|b LISK
|c EUD
|d 2021-01-17
|e 24
|f 0
|g 0.00
|l 0
|o 361.4 ΚΑΤ
|p 92410051898
|r 2021-01-17 00:00:00
|t 1
|w 2021-01-17
|y BK15
|x 20130129 0 1
|x GrPaTEI
|
| 952 |
|
|
|0 0
|1 0
|2 ddc
|4 0
|6 361_400000000000000_ΚΑΤ
|7 0
|9 294394
|a LISK
|b LISK
|c EUD
|d 2021-01-17
|e 24
|f 0
|g 0.00
|l 0
|o 361.4 ΚΑΤ
|p 92410051983
|r 2021-01-17 00:00:00
|t 2
|w 2021-01-17
|y BK15
|x 20130124 0 1
|x GrPaTEI
|
| 952 |
|
|
|0 0
|1 0
|2 ddc
|4 0
|6 361_400000000000000_ΚΑΤ
|7 0
|9 294395
|a LISK
|b LISK
|c EUD
|d 2021-01-17
|e 24
|f 0
|g 0.00
|l 0
|o 361.4 ΚΑΤ
|p 92410058248
|r 2021-01-17 00:00:00
|t 3
|w 2021-01-17
|y BK15
|x 20131216 0 1
|x GrPaTEI
|
| 952 |
|
|
|0 0
|1 0
|2 ddc
|4 0
|6 361_400000000000000_ΚΑΤ
|7 0
|9 294396
|a LISK
|b LISK
|c BSC
|d 2021-01-17
|e 24
|f 0
|g 0.00
|l 0
|o 361.4 ΚΑΤ
|p 92410020592
|r 2021-01-17 00:00:00
|t 4
|w 2021-01-17
|y BK15
|x 20030603 0 0
|x GrPaTEI
|
| 952 |
|
|
|0 0
|1 0
|2 ddc
|4 0
|6 361_400000000000000_ΚΑΤ
|7 0
|9 376665
|a LISK
|b LISK
|c BSC
|d 2024-01-19
|i 70901
|l 0
|o 361.4 ΚΑΤ
|p 992410070901
|r 2024-01-19 00:00:00
|t 5
|w 2024-01-19
|y BK15
|
| 971 |
|
|
|a .b26629586
|b 16-04-20
|c 23-09-16
|
| 999 |
|
|
|c 171991
|d 171991
|